000
00232nam a2200097Ia 4500
005
20251222114403.0
008
251222s1900||||xx |||||||||||||| ||spa||
082
_a
DVD0150/B81/2006/T.1
245
0
_a
Los milagros de Jesús:
942
_c
DVD
999
_c
1707
_d
1707